Datum a čas kvízu
25.5
Celkem bodů
Celkový počet nahraných bodů na tomto kvízu bez doplňovacích otázek.
6.
Pořadí na kvízu
Konečné umístění týmu na tomto kvízu.
Zaznamenané odpovědi
| # | Otázka | Odpověď | Body | Výsledky |
|---|---|---|---|---|
| 1. | V Olomouci se objevil případ m... | na sušáku na prádlo (na klepači na koberce) | 1 | |
| 2. | Který významný den jsme mohli... | B | 0 | |
| 3. | Jak si říká anglický zpěvák, k... | Yungblud | 1 | |
| 4. | Která společnost se umístila n... | Apple | 0 | |
| 5. | Fotbalisté z malého afrického... | Kapverdy | 0 | |
| 6. | Asijská poušť Karakum, uprostř... | Turkmenistán | 1 | |
| 7. | Uveďte, kterým čtyřpísmenným p... | vádí | 0 | |
| 8. | Vyberte, se kterým živočichem... | B | 1 | |
| 9. | Pokud bylo cílovým místem slav... | růžová (Růžové jezero) | 0 | |
| 10. | Který spisovatel je autorem vě... | Frank Herbert | 0 |